Rangelands : a resource under siege : proceedings of the Second International Rangeland Congress /

Bibliographic Details
Corporate Author: International Rangeland Congress Adelaide, S. Aust.
Other Authors: Joss, P. J., Lynch, P. W., Williams, O. B.
Format: Conference Proceeding Book
Language:English
Published: Cambridge [Cambridgeshire] ; New York : Cambridge University Press, 1986.
Subjects:

MARC

Tag First Indicator Second Indicator Subfields
LEADER 00000cam a2200000 a 4500
001 in00000013001
005 20151007052313.0
008 860801s1986 enka b 10110 eng
010 |a  86020774  
020 |a 0521309360 
035 |a (OCoLC)14097695 
035 |9 AAA7207AM 
040 |a DLC  |c DLC  |d TXA  |d UtOrBLW 
049 |a TXAM  |c [A10109730] 
050 0 0 |a SF84.84  |b .I57 1984 
082 0 |a 333.74  |2 19 
111 2 |a International Rangeland Congress  |n (2nd :  |d 1984 :  |c Adelaide, S. Aust.) 
245 1 0 |a Rangelands :  |b a resource under siege : proceedings of the Second International Rangeland Congress /  |c editors, P.J. Joss, P.W. Lynch, O.B. Williams. 
264 1 |a Cambridge [Cambridgeshire] ;  |a New York :  |b Cambridge University Press,  |c 1986. 
300 |a xv, 634 pages :  |b illustrations ;  |c 26 cm. 
336 |a text  |b txt  |2 rdacontent 
337 |a unmediated  |b n  |2 rdamedia 
338 |a volume  |b nc  |2 rdacarrier 
504 |a Includes bibliographies and index. 
650 0 |a Rangelands  |x Congresses. 
700 1 |a Joss, P. J. 
700 1 |a Lynch, P. W. 
700 1 |a Williams, O. B. 
999 |a MARS 
999 f f |s e540beb0-a722-3bb2-8131-935ca4724b5e  |i eff95cc4-8fad-3411-8bfc-1b94e2ced19a  |t 0 
952 f f |p ric  |a Texas A&M University  |b Rellis Campus  |c Joint Library Facility  |d Remote Storage  |t 0  |e SF84.84 .I57 1984  |h Library of Congress classification  |i unmediated -- volume  |m A14810109730 
998 f f |a SF84.84 .I57 1984  |t 0  |l Remote Storage